000 00609nam a2200217Ia 4500
003 OSt
005 20220926004254.0
006 a|||||r|||| 00| 0
007 ta
008 220923b |||||||| |||| 00| 0 eng d
037 _cGeneral Book
040 _aRTL
_cRTL
_beng
041 _2eng
_aeng
082 _aW,31m2,N.N79, L9.108
111 _aINDIA, RAJYA SABHA
245 0 _aParlimentry debates
_b official report ,
260 _a New Delhi
_bRajya sabha secetariat
_c1979
300 _a299p
_ccm.
942 _hW,31m2,N.N79, L9.108
_cGB
_2CC
999 _c610497
_d610497